000 00461nam a2200169Ia 4500
999 _c27820
_d27820
003 OSt
005 20201230113354.0
008 190216s9999||||xx |||||||||||||| ||und||
040 _coclc
082 _a894.8128
_bKEN/P
100 _aK E N
_97237
245 0 _aPranayam Kavitha Samskaram /
_cK E N
260 _bArina Books ,
_aKunnamkulam:
300 _a207p
650 _aPadanam
942 _cBK
_2ddc
_h894.8128
_iKEN/P
_k894.8128
_mKEN/P